000 00290nam a2200109Ia 4500
008 171211s9999 xx 000 0 und d
245 _aWinWord 2 für Power User
245 _cMatthias Rojahn
260 _c2012
650 _xSOFTWARE
856 _uhttp://down.ebook777.com/063/3642776418.pdf
999 _c349309
_d349309